01706nam a2200301Ia 4500001001200000003000800012006001900020007001500039008004100054020001500095020001800110040002100128035002100149050002500170245035900195260005700554300002300611504004100634533015200675610010000827650004900927650005100976655002901027710003601056710016901092710001701261856012601278ebr10267567CaPaEBRm u cr cn|||||||||081106s2008 dcua sb 000 0 eng d z0309120500 z9780309120500 aCaPaEBRcCaPaEBR a(OCoLC)30843344014aUG447b.R4854 2008eb00aReview of secondary waste disposal planning for the Blue Grass and Pueblo Chemical Agent Destruction Pilot Plantsh[electronic resource] /cCommittee to Review Secondary Waste Disposal and Regulatory Requirements for the Assembled Chemical Weapons Alternatives Program, Board on Army Science and Technology, Division on Engineering and Physical Sciences. aWashington, D.C. :bNational Academies Press,c2008. axvi, 67 p. :bill. aIncludes bibliographical references. aElectronic reproduction.bPalo Alto, Calif. :cebrary,d2009.nAvailable via World Wide Web.nAccess may be limited to ebrary affiliated libraries.10aUnited States.bDept. of Defense.bAssembled Chemical Weapons Alternatives ProgramxEvaluation. 0aChemical weapons disposalzColoradozPueblo. 0aChemical weapons disposalzKentuckyzRichmond. 7aElectronic books.2local2 aNational Academies Press (U.S.)2 aNational Research Council (U.S.).bCommittee to Review Secondary Waste Disposal and Regulatory Requirements for the Assembled Chemical Weapons Alternatives Program.2 aebrary, Inc.40uhttp://site.ebrary.com/lib/rucke/Doc?id=10267567zAn electronic book accessible through the World Wide Web; click to view